Geography Quiz

Random Geography or City Quiz

Most Populous US City per State Quiz Stats

 Plays Quiz Updated Nov 28, 2017

Challenge
Share
Tweet
Embed
Score 0/50 Timer 05:00
7 Plays Today
Question Answer Wrong Answers
Arizona Phoenix
96.2%
Tucson
2.1%
Mesa
0.3%
Glendale
0.4%
Colorado Denver
96%
Aurora
0.3%
Aspen
0.5%
Boulder
1%
Hawaii Honolulu
95.3%
Mililani
0.2%
Kailua
0.3%
Pearl City
0.5%
California Los Angeles
95.3%
Sacramento
0.6%
San Diego
0.6%
San Francisco
1.6%
Illinois Chicago
94.1%
Springfield
1.7%
Rockford
0.2%
Naperville
0.1%
Massachusetts Boston
93.9%
Worcester
0.2%
Springfield
1%
Lowell
0.1%
Georgia Atlanta
93.5%
Savannah
1.2%
Columbus
0.8%
Augusta
1%
New York New York City
93.5%
Albany
0.3%
Buffalo
0.3%
Rochester
0.1%
Indiana Indianapolis
93.2%
Fort Wayne
1.5%
Evansville
0.3%
Gary
1.1%
Michigan Detroit
92.2%
Lansing
0.8%
Grand Rapids
1%
Ann Arbor
1.1%
Idaho Boise
92%
Nampa
1.9%
Meridian
1.2%
Pocatello
1.1%
Utah Salt Lake City
91.7%
Provo
0.6%
Orem
0.2%
Ogden
0.3%
Nevada Las Vegas
91.5%
Carson City
1.1%
Reno
1.7%
Henderson
0.3%
Louisiana New Orleans
91.3%
Baton Rouge
3.5%
Shreveport
0.4%
Lafayette
0.4%
Maryland Baltimore
90.8%
Annapolis
3.8%
Frederick
0.2%
Silver Spring
0.4%
Washington Seattle
90.3%
Olympia
1%
Spokane
0.7%
Tacoma
0.4%
Arkansas Little Rock
89.8%
Fayetteville
4.9%
Fort Smith
1.7%
Springdale
1.9%
Oregon Portland
89.6%
Salem
2.4%
Eugene
1.4%
Beaverton
0.2%
Mississippi Jackson
88.5%
Gulfport
4%
Southaven
0.7%
Vicksburg
1.8%
Pennsylvania Philadelphia
87.8%
Harrisburg
0.3%
Pittsburgh
5.4%
Allentown
0.1%
Minnesota Minneapolis
86.8%
St. Paul
7.7%
Duluth
0.3%
St. Cloud
0.3%
Alaska Anchorage
84.4%
Juneau
9.2%
Fairbanks
5.1%
Nome
0.6%
Rhode Island Providence
83.1%
Pawtucket
0.7%
Warwick
1.1%
Newport
8.5%
Kentucky Louisville
81.9%
Frankfort
3.5%
Lexington
9.7%
Bowling Green
0.5%
Oklahoma Oklahoma City
81.5%
Tulsa
11.9%
Norman
0.2%
Lawton
0.1%
Wisconsin Milwaukee
79.2%
Madison
8%
Green Bay
4.6%
Kenosha
0.2%
Iowa Des Moines
78.7%
Cedar Rapids
7.8%
Davenport
3%
Sioux City
6.4%
Nebraska Omaha
76%
Lincoln
17.8%
Hastings
0.8%
Kearney
0.2%
New Mexico Albuquerque
75.8%
Santa Fe
17.8%
Las Cruces
0.3%
Roswell
0.3%
Wyoming Cheyenne
75%
Cody
1.5%
Casper
9.3%
Laramie
5.8%
North Carolina Charlotte
72.8%
Raleigh
18.4%
Greensboro
1.3%
Durham
1.5%
Maine Portland
72%
Augusta
15.6%
Bangor
7%
Lewiston
0.8%
Alabama Birmingham
72%
Montgomery
17.5%
Mobile
8.5%
Tuscaloosa
1.8%
West Virginia Charleston
70.4%
Huntington
10%
Parkersburg
1.4%
Morgantown
10.3%
New Jersey Newark
65.2%
Trenton
7%
Jersey City
14.5%
Atlantic City
7.7%
Vermont Burlington
64.8%
Montpelier
23.8%
Colchester
1.8%
Bennington
2.3%
Texas Houston
63.1%
Austin
3.6%
San Antonio
2.7%
Dallas
23.5%
South Dakota Sioux Falls
63.1%
Pierre
13.4%
Rapid City
14.7%
Aberdeen
2%
South Carolina Charleston
56.5%
Columbia
33.6%
Greenville
3.1%
Sumter
0.2%
North Dakota Fargo
54.7%
Bismarck
32.6%
Grand Forks
5.9%
Minot
0.8%
Delaware Wilmington
53.7%
Dover
28.1%
Newark
13.8%
Middletown
1.5%
New Hampshire Manchester
53%
Concord
35.9%
Nashua
4.8%
Merrimack
0.7%
Montana Billings
52.6%
Helena
28.8%
Missoula
8.3%
Butte
5.1%
Tennessee Nashville
48.3%
Memphis
42.7%
Knoxville
1.4%
Chattanooga
0.6%
Florida Jacksonville
47.2%
Tallahassee
1.1%
Tampa
2.8%
Miami
45.8%
Ohio Columbus
44.7%
Cleveland
35%
Cincinnati
13.9%
Akron
0.3%
Missouri Kansas City
39.1%
Jefferson City
2.2%
St. Louis
52.8%
Columbia
0.9%
Kansas Wichita
38.4%
Topeka
10.2%
Kansas City
47%
Olathe
0.2%
Virginia Virginia Beach
35.5%
Richmond
44.6%
Norfolk
10.3%
Chesapeake
2%
Connecticut Bridgeport
25.5%
Hartford
48.8%
New Haven
18%
Stamford
5.2%

You're not logged in!

Compare scores with friends on all Sporcle quizzes.
OR
Log In

You Might Also Like...

Show Comments

Extras

Top Quizzes Today


Score Distribution

Your Account Isn't Verified!

In order to create a playlist on Sporcle, you need to verify the email address you used during registration. Go to your Sporcle Settings to finish the process.

Report this User

Report this user for behavior that violates our Community Guidelines.

Details: